01029nam a2200241Ia 450000100060000000300090000600800410001504000130005604000130006904100130008210000190009510000290011424501040014324500680024725000110031526000110032626000080033726000490034530000580039450002810045265000230073365000310075684186IT-RoPAU130308s9999 xx 000 0 und d aIT-RoPAU cIT-RoPAU aITALIANO aCastagna Mario gCodice Aut. SPICS: 29195 aProduzione cinematografica italiana (La): industria o artigianato? Imprenditorialità o avventura? bEconomia Dietro Il Sipario (L')-Teatro Opera Cinema Televisione a1a ed. aTORINO bEDT c1989 [1° Ed.:1989 - Ed.Ling.Originale:1989] a"33 p. (prefazione: no ; testo: 33 [pagine: 83-115])" aProduttore mercati di Sbocco Crisi delle Sale integrazione Cinema tv Fonti di finanziamento Allargamento del mercato e Sviluppo della domanda Evoluzione dell'Attività produttiva Formazione dei Fattori produttivi Umani Evoluzione del Quadro Legislativo Evoluzione Tecnologica aINDUSTRIA TEATRALE eCodice materia Spics: 8406